000
00410nam a22001697a 4500
003
MPLRDC
005
20220104124707.0
008
210129b ||||| |||| 00| 0 eng d
082
_a
690.6 WBL
100
_a
武伯纶
245
_a
传播友谊的丝绸之路
_c
250
_a
一版一刷
260
_a
_b
陕西人民出版社
_c
1983
300
_b
平
650
_a
中国游记
942
_c
BK
_o
690.6 WBL
999
_c
21385
_d
21375